00772nam a2200217 a 450000100060000000300080000600500170001400800410003103500190007204000350009104100080012608200270013410000400016124500750020126000410027630000290031765000330034694200120037999900170039195201460040873034BD-RjUL20211209082336.0170527s1965 xnaa 000 0 eng d a(BD-RjUL)73252 aXNTUbengcXNTUdXNLSdBD-RjUL aeng04223a596.0994bPOI 19651 aPoignant, Axel,d1906-1986.921601114aThe improbable kangaroo and other Australian animals /cAxel Poignant. aSydney :bAngus & Robertson,cc1965. a200 p. :bill. ;c29 cm. 0aChordatazAustralia.9216012 2ddccBK c73034d73034 00102ddc40718NFICaRUCLbRUCLcReadingd1973-09-11eAustralia Govt.g0.00l0o596.0994 POI 1965r2017-05-27 00:00:00tC-1w2017-05-27yBK